Представление документа в формате RUSMARC

ПолеНазваниеЗначение
  Тип записи a
  Библиографический уровень m
001 Контрольный номер RU/SLIB/B/208762001
005 Дата корректировки 20201206204221.5
010 Индекс ISBN __
d Цена 0-90
101 Язык документа __
a Язык текста rus
200 Заглавие и сведения об ответственности __
a Заглавие Поэмы. Проза. Избранные письма
f Первые сведения об ответственности И. С. Никитин
b Общее обозначение материала Текст
210 Выходные данные __
a Место издания М.
c Издательство Правда
d Дата издания 1975
215 Физическое описание __
a Объем 368 с.
461 Уровень набора __
1 2001
a Собрание сочинений
v Т. 2
606 Тематические рубрики __
a Основная рубрика Художественная литература
y Географическая подрубрика Россия; Российская Федерация; РФ
606 Тематические рубрики __
a Основная рубрика Русская литература XIX в. (произведения)
610 Ключевые слова __
a Ключевые слова стихи; стихотворения; поэзия; поэты; поэмы; проза; письма
686 Индексы других классификаций __
a Классификационный индекс 84(2=411.2)52-4
700 Автор __
a Фамилия Никитин
b Имя И. С.
4 Код отношения 070
801 Источник записи _0
a Страна RU
b Организация Муниципальное бюджетное учреждение культуры "Централизованная библиотечная система" г. Сургут (Центральная городская библиотека им. А. С. Пушкина)
g Правила каталогизации КиК/Елгина
801 Источник записи _1
a Страна RU
b Организация Муниципальное бюджетное учреждение культуры "Централизованная библиотечная система" г. Сургут (Центральная городская библиотека им. А. С. Пушкина)
g Правила каталогизации КиК/Елгина
852 Данные о местонахождении __
j Шифр хранения 84(2=411.2)52-4
i Авторский знак Н 62
p Инвентарный номер 38531(с)
901 Тип документа __
t Тип документа m
990 Данные о заказе (DOS) __
j Количество экземпляров (DOS) 1
t N записи в КСУ для И/У (DOS) ретро